| 000 | 00553nam a22001937a 4500 | ||
|---|---|---|---|
| 005 | 20251014111113.0 | ||
| 008 | 251014b |||||||| |||| 00| 0 eng d | ||
| 037 | _cTB | ||
| 040 |
_aCRL _cCRL |
||
| 041 |
_2ARB _aARB |
||
| 084 | _bCRL | ||
| 100 |
_aKhafaji, Abdul Muneem _9848186 |
||
| 245 | _aNahu balaghat jareedah | ||
| 260 |
_aCairo, Egypt: _bMaktubah ghareeb, _c1980. |
||
| 300 | _a191p. | ||
| 365 |
_b300.00 _cINR |
||
| 942 |
_2CC _cTB _n0 |
||
| 999 |
_c1464722 _d1464722 |
||